Alle Nachbarländer Deutschlands - Statistiken

Allgemein
  • Dieses Quiz wurde 388 mal gespielt
  • Das Durchschnittsergebnis liegt bei 9 aus 9
Antwortstatistiken
Land % Korrekt
Polen
99%
Belgien
98%
Frankreich
98%
Österreich
98%
Schweiz
98%
Dänemark
97%
Niederlande
97%
Tschechien
97%
Luxemburg
95%
Keine übereinstimmenden Quizze gefunden
Verteilung der Resultate
Anzahl Personen mit jedem Resultat
Perzentil nach korrekt beantworteten Fragen
Ihre Resultats-Entwicklung
Sie haben dieses Quiz noch nicht gespielt